Countries North of Florida - Sudden Death - Statistics

General Stats
  • This quiz has been taken 306 times
  • The average score is 4 of 14
Answers on the Grid
Answers color-coded by a green-red scale on the quiz's grid according to % correct below.
Afghanistan
Bahrain
Cape Verde
Cuba
Cyprus
Greece
India
Iraq
Israel
Jordan
Kuwait
Libya
Mali
Mauritania
Mexico
Morocco
Nepal
Saudi Arabia
South Korea
Spain
Taiwan
United Arab Emirates
Vatican City
Vietnam
 
Answer Stats
Answer % Correct
Afghanistan
53%
Greece
52%
Spain
45%
Cyprus
38%
Vatican City
37%
Israel
30%
South Korea
30%
Jordan
24%
Morocco
24%
Iraq
23%
India
18%
Mexico
15%
Saudi Arabia
13%
Libya
11%
No matching quizzes found
Score Distribution
Percent of People with Each Score
Percentile by Number Answered
Your Score History
You have not taken this quiz